000 00298nam a22001337a 4500
008 170526b xxu||||| |||| 00| 0 eng d
020 _a9780073660097
041 _aeng
080 _26TH
_a621.3
100 _a25
101 _aIM
245 _aELECTRIC MACHINERY
_cFITZGERALD.A.E
942 _2udc
_cBK
999 _c14348
_d14348